Library Logo

Pioneer International University Library Catalogue

Sophie’s heart / (Record no. 10049)

MARC details
000 -LEADER
fixed length control field 00905nam a22002897a 4500
003 - CONTROL NUMBER IDENTIFIER
control field OSt
005 - DATE AND TIME OF LATEST TRANSACTION
control field 20260409102615.0
008 - FIXED-LENGTH DATA ELEMENTS--GENERAL INFORMATION
fixed length control field 260409b |||||||| |||| 00| 0 eng d
020 ## - INTERNATIONAL STANDARD BOOK NUMBER
International Standard Book Number 97807736912914
020 ## - INTERNATIONAL STANDARD BOOK NUMBER
International Standard Book Number 736912916
040 ## - CATALOGING SOURCE
Transcribing agency Harvest House publishers
041 ## - LANGUAGE CODE
Language code of text/sound track or separate title ENGLISH
050 ## - LIBRARY OF CONGRESS CALL NUMBER
Classification number PS 3573 .I237 .S64 1995
Item number .S64 1995
100 ## - MAIN ENTRY--PERSONAL NAME
Personal name Wick, Lori
Relator term Author
245 ## - TITLE STATEMENT
Title Sophie’s heart /
Statement of responsibility, etc. Lori Wick.
250 ## - EDITION STATEMENT
Edition statement First edition
260 ## - PUBLICATION, DISTRIBUTION, ETC.
Place of publication, distribution, etc. Eugene, Oregon :
Name of publisher, distributor, etc. Harvest House Publishers,
Date of publication, distribution, etc. 1995
300 ## - PHYSICAL DESCRIPTION
Extent 425 pages ;
Dimensions 21cm.
520 ## - SUMMARY, ETC.
Summary, etc. A widowed father and his children find healing and hope through the care of a compassionate immigrant woman.
650 ## - SUBJECT ADDED ENTRY--TOPICAL TERM
Topical term or geographic name entry element Widowers
Form subdivision Fiction
650 ## - SUBJECT ADDED ENTRY--TOPICAL TERM
Topical term or geographic name entry element Immigrants
Form subdivision Fiction
650 ## - SUBJECT ADDED ENTRY--TOPICAL TERM
Topical term or geographic name entry element Christian fiction
651 ## - SUBJECT ADDED ENTRY--GEOGRAPHIC NAME
Geographic name Wisconsin
Form subdivision Fiction
655 ## - INDEX TERM--GENRE/FORM
Genre/form data or focus term Romance fiction
655 ## - INDEX TERM--GENRE/FORM
Genre/form data or focus term Religious fiction
942 ## - ADDED ENTRY ELEMENTS (KOHA)
Source of classification or shelving scheme Library of Congress Classification
Koha item type Books
Edition 1st ed.
Suppress in OPAC No
Holdings
Withdrawn status Lost status Source of classification or shelving scheme Damaged status Not for loan Home library Current library Date acquired Total checkouts Full call number Barcode Date last seen Price effective from Koha item type
    Library of Congress Classification     PIU Library Main Library 04/09/2026   PS 3573 .I237 .S64 1995 PIUDLMUR1022 04/09/2026 04/09/2026 Books